| 000 | 01161cas a22002415a 4500 | ||
|---|---|---|---|
| 001 | L143557 | ||
| 008 | 080519c2007 xxkuu pssss 0 a0eng u | ||
| 035 | _a(Sirsi) u143557 | ||
| 041 | 0 | _aeng | |
| 050 | _a333.33 $2 18 | ||
| 110 | 2 |
_aSavills _92020 |
|
| 245 | 0 | 0 |
_aPrime market bulletin _h[electronic resource] |
| 260 |
_aLondon _bSavills _c2007- |
||
| 362 | 0 | _a2007- | |
| 490 | 0 | _aPrime Market Bulletin | |
| 520 | _aExamines and provides commentary on trends in the prime housing and land markets around the UK. Considers the key drivers of these markets and their performance in relation to other markets. Graphs show market sales and rental values, and levels of supply and demand. Focus is typically given to London sales, lettings and countrywide farmland markets. | ||
| 554 | _aIrregular | ||
| 651 | 4 |
_aUnited Kingdom _y |
|
| 690 | _aPROPERTY-RESIDENTIAL PROPERTY-RESIDENTIAL PROPERTY MARKET | ||
| 690 | _aPROPERTY-RURAL AND NATURAL ASSETS-AGRICULTURAL PROPERTY-AGRICULTURAL PROPERTY MARKET | ||
| 856 | 4 | 0 |
_uhttps://www.savills.co.uk/research/Report.aspx?category=Residential _zView the items free of charge at www.savills.co.uk... |
| 942 | _n0 | ||
| 999 |
_c119183 _d119183 |
||